000 00778cab a2200289 4500
001 ABS57395
008 090401t1997 xxu||||| |||| 00| 0 eng d
035 _a(Sirsi) u79973
041 _aeng
100 _aPaice, Catherine
245 _aLabour plants seeds of unease
260 _c1997
350 _a0
490 _aEstates Gazette
_v(9730) 26 July 1997, 117-118(2)
520 _aReviews how government plans for capital gains tax may hit returns for investors in farmland.
650 _aCAPITAL GAINS TAX
650 _aFARM LAND
650 _aFARMLAND MARKET
650 _aFARMLAND VALUES
650 _aINVESTMENT
650 _aLAND VALUES
650 _aPROSPECTS
650 _aRETURNS
690 _aRURAL PRACTICE
942 _n0
948 _c29/07/1997
999 _c50328
_d50328